000 00544nam a2200181Ia 4500
005 20250508162509.0
008 008 250505s9999 xx 000 0 eng d
037 _aBooks to be hide in OPAC
040 _aFEDL
_beng
_cFEDL
041 _aeng
_2eng
084 _a372.4, ROB/O
_qFEDL
100 _aRobinson H Alan
_9765521
245 0 _aTeaching reading and study strategies: The content areas
260 _aBoston, USA
_bAllyn and Bacon
_c1975
300 _aix,277p.
942 _cHB
_h372.4, ROB/O
999 _c1376918
_d1376918